[Event "Kimry op 70th"]
[White "Kolegov, Vladimir A"]
[Black "Anisimov, Anton"]
[Site "Kimry"]
[Round "1"]
[Result "1-0"]
[Date "2014.08.28"]
[WhiteElo "2221"]
[BlackElo "1044"]
[PlyCount "83"]
[EventDate "2014.08.28"]
[EventType "swiss"]
[EventRounds "7"]
[EventCountry "RUS"]
[SourceTitle "EXT 2015"]
[Source "ChessBase"]
[SourceDate "2014.11.20"]
[SourceVersion "1"]
[SourceVersionDate "2014.11.20"]
[SourceQuality "1"]

1. c4 e5 2. Nc3 Nf6 3. Nf3 Nc6 4. g3 d6 5. Bg2 Be7 6. 0-0 0-0 7. d4 Be6 8. d5 Bd7 9. dxc6 Bxc6 10. Bg5 h6 11. Bxf6 Bxf6 12. Nd5 e4 13. Nxf6+ Qxf6 14. Nd4 Bd7 15. b3 Rfe8 16. Nc2 Re5 17. Ne3 Rh5 18. Nd5 Qg6 19. Nf4 Qf5 20. Nxh5 Qxh5 21. Bxe4 Bh3 22. Bg2 Bxg2 23. Kxg2 Re8 24. e3 Qf5 25. Qd5 Qxd5+ 26. cxd5 c6 27. dxc6 bxc6 28. Rac1 c5 29. Rfd1 Rd8 30. Rxc5 dxc5 31. Rxd8+ Kh7 32. h4 f5 33. h5 a5 34. Rd7 a4 35. Kf3 axb3 36. axb3 c4 37. bxc4 f4 38. Kxf4 Kh8 39. Kf5 Kh7 40. Rf7 Kg8 41. Kg6 Kh8 42. Rf8# 1-0

[Event "Konakovo Chervonny op"]
[White "Dzera, Evgeniy"]
[Black "Kolegov, Vladimir A"]
[Site "Konakovo"]
[Round "4"]
[Result "1/2-1/2"]
[Date "2009.09.26"]
[WhiteElo "2210"]
[BlackElo "2276"]
[PlyCount "115"]
[EventDate "2009.09.24"]
[EventType "swiss"]
[EventRounds "7"]
[EventCountry "RUS"]
[SourceTitle "EXT 2012"]
[Source "ChessBase"]
[SourceDate "2011.11.24"]
[SourceVersion "1"]
[SourceVersionDate "2011.11.24"]
[SourceQuality "1"]

1. c4 e5 2. Nc3 Nc6 3. g3 g6 4. Bg2 Bg7 5. Nf3 Nge7 6. 0-0 0-0 7. d3 f5 8. c5 h6 9. e4 f4 10. Nd5 g5 11. b4 d6 12. Qb3 Be6 13. Nxe7+ Qxe7 14. Qc3 g4 15. Nh4 f3 16. Bh1 Nd4 17. Re1 Ne2+ 18. Rxe2 fxe2 19. Ng6 Qf7 20. Nxf8 Rxf8 21. Be3 d5 22. exd5 Bxd5 23. Bxd5 Qxd5 24. Qb3 Rd8 25. Qxd5+ Rxd5 26. Re1 Rxd3 27. Rxe2 Kf7 28. Kg2 Ke6 29. f3 gxf3+ 30. Kxf3 Kd5 31. Kg4 e4 32. Kf5 Bd4 33. Bxh6 Rf3+ 34. Kg4 Bc3 35. Bd2 Kd4 36. b5 Kd3 37. Bxc3 Kxe2 38. Bb4 Kd3 39. h4 Rf1 40. h5 e3 41. h6 e2 42. Kg5 e1Q 43. Bxe1 Rxe1 44. h7 Rh1 45. Kg6 Ke4 46. g4 Kf4 47. g5 c6 48. a4 Kg4 49. a5 a6 50. b6 Rh5 51. Kf6 Rxh7 52. g6 Rh6 53. Kf7 Kf5 54. g7 Rf6+ 55. Ke7 Rg6 56. Kf7 Rf6+ 57. Ke7 Rg6 58. Kf7 1/2-1/2

[Event "Konakovo Chervonny op"]
[White "Kolegov, Vladimir A"]
[Black "An, Yuri"]
[Site "Konakovo"]
[Round "3"]
[Result "0-1"]
[Date "2009.09.25"]
[WhiteElo "2276"]
[BlackElo "2012"]
[PlyCount "36"]
[EventDate "2009.09.24"]
[EventType "swiss"]
[EventRounds "7"]
[EventCountry "RUS"]
[SourceTitle "EXT 2012"]
[Source "ChessBase"]
[SourceDate "2011.11.24"]
[SourceVersion "1"]
[SourceVersionDate "2011.11.24"]
[SourceQuality "1"]

1. c4 e5 2. Nc3 f5 3. g3 Nf6 4. Bg2 Bc5 5. d3 0-0 6. Nf3 e4 7. dxe4 fxe4 8. Nxe4 Bb6 9. Bg5 c6 10. Nxf6+ gxf6 11. Bd2 d6 12. 0-0 Nd7 13. Bh6 Rf7 14. Qxd6 Qe8 15. e3 Nf8 16. Rad1 Bg4 17. Qf4 Be6 18. b3 Ng6 0-1

[Event "Konakovo Chervonny Rating"]
[White "Stoletov, Gennadi"]
[Black "Kolegov, Vladimir A"]
[Site "Konakovo"]
[Round "2"]
[Result "1-0"]
[Date "2008.09.21"]
[WhiteElo "2297"]
[BlackElo "2283"]
[PlyCount "30"]
[EventDate "2008.09.20"]
[EventType "tourn"]
[EventRounds "10"]
[EventCountry "RUS"]
[SourceTitle "EXT 2022"]
[Source "ChessBase"]
[SourceDate "2021.10.06"]
[SourceVersion "1"]
[SourceVersionDate "2021.10.06"]
[SourceQuality "1"]

1. e4 c5 2. Nc3 Nc6 3. Bc4 e6 4. Nf3 a6 5. d4 cxd4 6. Nxd4 Nf6 7. Nxc6 bxc6 8. e5 Nd5 9. 0-0 Nxc3 10. bxc3 Be7 11. Qg4 Kf8 12. Re1 h5 13. Qf3 Rb8 14. Bd2 Bc5 15. Rad1 Qa5 1-0

[Event "Kimry op"]
[White "Kolegov, Vladimir A"]
[Black "Makhnev, Vladimir"]
[Site "Kimry"]
[Round "4"]
[Result "0-1"]
[Date "2003.??.??"]
[WhiteElo "2287"]
[BlackElo "2274"]
[PlyCount "86"]
[EventDate "2003.??.??"]
[EventType "swiss"]
[EventRounds "9"]
[EventCountry "RUS"]
[SourceTitle "EXT 2006"]
[Source "ChessBase"]
[SourceDate "2005.11.24"]
[SourceVersion "1"]
[SourceVersionDate "2005.11.24"]
[SourceQuality "1"]

1. c4 e6 2. Nf3 d5 3. g3 Nf6 4. Bg2 Be7 5. d4 c6 6. 0-0 0-0 7. Nfd2 Nbd7 8. Nc3 b6 9. e4 dxe4 10. Ndxe4 Bb7 11. Re1 Nxe4 12. Bxe4 Nf6 13. Bg2 Qd7 14. a3 c5 15. dxc5 Bxg2 16. Kxg2 Qc6+ 17. Qf3 Qxc5 18. b3 Rad8 19. Be3 Qc8 20. Nb5 Rd7 21. Red1 Rfd8 22. Rxd7 Qxd7 23. a4 e5 24. a5 e4 25. Qe2 Bc5 26. axb6 axb6 27. b4 Bxb4 28. Bxb6 Rc8 29. Rd1 Qf5 30. Nd6 Bxd6 31. Rxd6 h5 32. Bd4 h4 33. h3 hxg3 34. Bxf6 gxf6 35. fxg3 Kh7 36. Rd5 Qe6 37. g4 e3 38. Kf3 Re8 39. Qd3+ Kg7 40. Ke2 Qb6 41. Qc2 Qb8 42. Rd1 Qh2+ 43. Kd3 e2 0-1

[Event "Kimry op"]
[White "Kolegov, Vladimir A"]
[Black "Nefedov, Dmitriy"]
[Site "Kimry"]
[Round "2"]
[Result "1-0"]
[Date "2003.??.??"]
[WhiteElo "2287"]
[BlackElo "2126"]
[PlyCount "69"]
[EventDate "2003.??.??"]
[EventType "swiss"]
[EventRounds "9"]
[EventCountry "RUS"]
[SourceTitle "EXT 2006"]
[Source "ChessBase"]
[SourceDate "2005.11.24"]
[SourceVersion "1"]
[SourceVersionDate "2005.11.24"]
[SourceQuality "1"]

1. c4 e5 2. Nc3 g6 3. Nf3 Bg7 4. g3 c5 5. Bg2 Ne7 6. 0-0 Nbc6 7. d3 0-0 8. Be3 d6 9. Qc1 Nf5 10. Bd2 Nfd4 11. Bh6 Nxf3+ 12. Bxf3 Bh3 13. Re1 Qd7 14. Bxg7 Kxg7 15. e3 Rae8 16. Qd2 h5 17. Nd5 h4 18. a3 hxg3 19. fxg3 Rh8 20. b4 b6 21. b5 Na5 22. Rab1 Qf5 23. Bh1 Qg5 24. Re2 f5 25. Rf2 Rhf8 26. Qc3 Kh6 27. d4 Rf7 28. dxc5 dxc5 29. Bg2 Bxg2 30. Rxg2 Qg4 31. Rc1 Nb7 32. h3 Qe4 33. g4 g5 34. Qd2 Nd6 35. Nc3 1-0